| 000 | 00874nam a2200253 i 4500 | ||
|---|---|---|---|
| 999 |
_c6301 _d6301 |
||
| 001 | 20591 | ||
| 003 | BD-DhUAP | ||
| 005 | 20210103110439.0 | ||
| 008 | 201228t2016 maua b 001 0 eng | ||
| 010 | _a 2016022992 | ||
| 020 | _a9780262035613 (hardcover : alk. paper) | ||
| 040 |
_aDLC _beng _cDLC _erda _dDLC _dBD-DhUAP |
||
| 082 | 0 | 0 |
_a006.31 GOO _223 |
| 100 | 1 |
_aGoodfellow, Ian. _924830 |
|
| 245 | 1 | 0 |
_aDeep learning / _cIan Goodfellow, Yoshua Bengio and Aaron Courville. |
| 260 |
_aCambridge, Massachusetts : _bThe MIT Press, _cc2016. |
||
| 300 |
_axxii, 775 pages : _billustrations ; _c24 cm. |
||
| 490 | 0 | _aAdaptive computation and machine learning. | |
| 504 | _aIncludes bibliographical references (pages [711]-766) and index. | ||
| 650 | 0 |
_aMachine learning, _924831 |
|
| 700 | 1 |
_aBengio, Yoshua. _924832 |
|
| 700 | 1 |
_aCourville, Aaron. _924833 |
|
| 942 |
_2ddc _cBK |
||